000
00237nam a2200097Ia 4500
001
832523
005
20250826172356.0
008
250824s9999 xx 000 0 und d
245
0
_a
BATTAL GAZİ
_c
MUSTAFA ÖZÇELİK
260
_b
NAR YAYINLARI
999
_c
832523
_d
832523